000 00288nam a2200133 i 4500
001 bg
245 0 _aElektronika i ee primenienie.
260 _aMoskva,
_c1973.
040 _cBPK
041 _apol
080 _a621.38+621.5
942 _cKS
008 s pl f |000 0 pol
999 _c25950
_d25950
856 _uhttp://koha.tu.koszalin.pl/cgi-bin/koha/opac-detail.pl?biblionumber=25950
_yKatalog online BPK